[Event "BCF-chT3W 2324 (4NCL)"]
[Site "England"]
[Date "2024.02.11"]
[Round "6.44"]
[White "Dos Santos Silva, Bruno Alexandre"]
[Black "Jones, Mark A"]
[Result "1-0"]
[WhiteElo "1799"]
[BlackElo "1756"]
[PlyCount "73"]
[EventDate "2023.11.18"]
[EventType "team-tourn"]
[EventRounds "11"]
[EventCountry "ENG"]
[SourceTitle "EXT 2025"]
[Source "ChessBase"]
[SourceDate "2024.10.14"]
[SourceVersion "1"]
[SourceVersionDate "2024.10.14"]
[SourceQuality "1"]
[WhiteTeam "The MASCeteers"]
[BlackTeam "Brown Jack"]
[WhiteTeamCountry "ENG"]
[BlackTeamCountry "ENG"]

1. d4 d5 2. Nc3 Nf6 3. Bf4 a6 4. e3 Bf5 5. f3 c5 6. g4 cxd4 7. exd4 Bg6 8. h4 h5 9. g5 Ng8 10. Bd3 Bxd3 11. Qxd3 e6 12. 0-0-0 Bd6 13. Nh3 Ne7 14. Rde1 Nbc6 15. g6 Nxg6 16. Rxe6+ fxe6 17. Qxg6+ Kd7 18. Bxd6 Kxd6 19. Ng5 Qf6 20. Nge4+ dxe4 21. Nxe4+ Ke7 22. Nxf6 gxf6 23. Qg7+ Kd6 24. c3 b5 25. d5 exd5 26. Qxf6+ Kc5 27. Re1 Raf8 28. b4+ Kb6 29. Qd6 Rxf3 30. Qc5+ Kb7 31. Re6 Rc8 32. Kb2 Rf5 33. a4 bxa4 34. b5 axb5 35. Qxb5+ Ka7 36. Rxc6 Rh8 37. Ra6# 1-0

[Event "Frome op 32nd"]
[Site "Frome"]
[Date "2023.05.14"]
[Round "4"]
[White "Jones, Mark A"]
[Black "Timbrell, Matthew"]
[Result "1/2-1/2"]
[WhiteElo "1829"]
[BlackElo "1440"]
[PlyCount "122"]
[EventDate "2023.05.12"]
[EventType "swiss"]
[EventRounds "5"]
[EventCountry "ENG"]
[SourceTitle "EXT 2024"]
[Source "ChessBase"]
[SourceDate "2023.10.10"]
[SourceVersion "1"]
[SourceVersionDate "2023.10.10"]
[SourceQuality "1"]

1. e4 c6 2. Nf3 d5 3. d3 dxe4 4. dxe4 Qxd1+ 5. Kxd1 Bg4 6. Be2 Nd7 7. Ne1 Bxe2+ 8. Kxe2 Ngf6 9. f3 e6 10. a4 a5 11. Nd2 Bd6 12. Nc4 Bc7 13. Nd3 Ke7 14. Bd2 c5 15. Be3 b6 16. g4 h6 17. h4 g6 18. Rad1 h5 19. g5 Ne8 20. Kf2 Nd6 21. Nxd6 Bxd6 22. Nc1 Ne5 23. Ne2 Rhd8 24. Nc3 Nc6 25. Nb5 Na7 26. Nxd6 Rxd6 27. Rxd6 Kxd6 28. Bf4+ e5 29. Rd1+ Ke6 30. Bg3 Nc6 31. Rd5 f5 32. gxf6 Rf8 33. Ke3 Rxf6 34. c3 Rf7 35. f4 Rd7 36. Rxd7 Kxd7 37. fxe5 Nd8 38. Kd3 Ne6 39. Kc4 Kc6 40. Bf2 Nf4 41. Be3 Ne6 42. Bh6 Nd8 43. Bf8 Ne6 44. Be7 Nf4 45. b4 axb4 46. cxb4 cxb4 47. Bxb4 Ne6 48. Be7 Nc7 49. Bd8 Ne6 50. Bf6 Nf4 51. Bg5 Ne6 52. Be3 Ng7 53. e6 Nxe6 54. e5 Nc7 55. Kd4 Ne6+ 56. Ke4 Nf8 57. e6 Nxe6 58. Ke5 Ng7 59. Kf6 Nf5 60. Bf2 Nxh4 61. Bxh4 Kc5 1/2-1/2